Tourism in a new environment
Pojmová determinácia globalizácie. Rôzne názory na vznik pojmu globalizácia. Turizmus a univerzálna centralizácia. Nové podmienky cestovného ruchu v Chorvátsku.
Guardado en:
| Autor principal: | |
|---|---|
| Formato: | Capítulo de libro |
| Lenguaje: | inglés |
| Materias: | |
| Etiquetas: |
Sin Etiquetas, Sea el primero en etiquetar este registro!
|
MARC
| LEADER | 00000naa$a2200000$$$4500 | ||
|---|---|---|---|
| 001 | 0012447 | ||
| 005 | 20221207105528.5 | ||
| 041 | 0 | |a eng | |
| 044 | |a SK | ||
| 245 | 1 | 0 | |a Tourism in a new environment |c aut. Dragan Magaš |
| 520 | |a Pojmová determinácia globalizácie. Rôzne názory na vznik pojmu globalizácia. Turizmus a univerzálna centralizácia. Nové podmienky cestovného ruchu v Chorvátsku. | ||
| 610 | 2 | 0 | |a ruch cestovný |
| 610 | 2 | 0 | |a globalizácia |
| 610 | 2 | 0 | |a modernizácia |
| 610 | 2 | 0 | |a centralizácia |
| 610 | 2 | 0 | |a identita |
| 610 | 2 | 0 | |a Chorvátsko |
| 100 | 1 | |a Magaš, Dragan | |